INFLUENCE OF PRACTICAL APPROACHES OF TEACHING AGRICULTURE ON ACADEMIC PERFORMANCE IN HIGH SCHOOLS IN KISII COUNTY,KENYA (Record no. 207694)
[ view plain ]
| 000 -LEADER | |
|---|---|
| fixed length control field | 00446nam a22001217a 4500 |
| 008 - FIXED-LENGTH DATA ELEMENTS--GENERAL INFORMATION | |
| fixed length control field | 231013b |||||||| |||| 00| 0 eng d |
| 100 ## - MAIN ENTRY--PERSONAL NAME | |
| Personal name | OMAGWA KEMUMA EMMA |
| 245 ## - TITLE STATEMENT | |
| Title | INFLUENCE OF PRACTICAL APPROACHES OF TEACHING AGRICULTURE ON ACADEMIC PERFORMANCE IN HIGH SCHOOLS IN KISII COUNTY,KENYA |
| 300 ## - PHYSICAL DESCRIPTION | |
| Extent | XV1,94P |
| 500 ## - GENERAL NOTE | |
| General note | INCLUDES BIBLIOGRAPHY AND INDEXES |
| 650 ## - SUBJECT ADDED ENTRY | |
| Topical term or geographic name entry element | AGRICULTURE-STUDY AND TEACHING (SECONDARY)-KENYA |
| 942 ## - ADDED ENTRY ELEMENTS (KOHA) | |
| Source of classification or shelving scheme | Library of Congress Classification |
| Koha item type | Reference |
| Withdrawn status | Lost status | Source of classification or shelving scheme | Damaged status | Not for loan | Home library | Current library | Date acquired | Inventory number | Total checkouts | Full call number | Barcode | Date last seen | Copy number | Price effective from | Koha item type |
|---|---|---|---|---|---|---|---|---|---|---|---|---|---|---|---|
| Library of Congress Classification | Kisii University Library | Kisii University Library | 10/13/2023 | 102772 | THE S 535 .K 46 2022 | 000000000590 | 10/13/2023 | 1 | 10/13/2023 | Reference |